书目信息 |
| 题名: |
新型城镇化进程中农民市民化研究
|
|
| 作者: | 吴宝华 著 | |
| 分册: | ||
| 出版信息: | 北京 社会科学文献出版社·城市和绿色发展分社 2019 |
|
| 页数: | 298页 | |
| 开本: | 24cm | |
| 丛书名: | ||
| 单 册: | ||
| 中图分类: | D422.64 | |
| 科图分类: | ||
| 主题词: | 农民--城市化--研究--中国 | |
| 电子资源: | ||
| ISBN: | 978-7-5201-4209-0 | |
| 000 | 01343nam0 2200265 450 | |
| 001 | 012001004198 | |
| 005 | 20140108175411.0 | |
| 010 | @a978-7-5201-4209-0@dCNY79.00 | |
| 100 | @a20190508d2019 em y0chiy50 ea | |
| 101 | 0 | @achi |
| 102 | @aCN@b110000 | |
| 105 | @ay z 000yy | |
| 106 | @ar | |
| 200 | 1 | @a新型城镇化进程中农民市民化研究@9xin xing cheng zhen hua jin cheng zhong nong min shi min hua yan jiu@dResearch on peasants citizenization in progress of new urbanization@f吴宝华著@zeng |
| 210 | @a北京@c社会科学文献出版社·城市和绿色发展分社@d2019 | |
| 215 | @a298页@d24cm | |
| 300 | @a天津市教委社科重大项目 | |
| 314 | @a吴宝华 (1959-),男,天津农学院人文学院院长、图书馆馆长,教授,天津市教学名师等。 | |
| 330 | @a本书以天津为例,总结了天津市城镇化和农民市民化进程中的模式经验,剖析了天津市农民市民化的现状,借助农民市民化评价指标体系,对天津市农民市民化水平进行了评估,发现其市民化程度不高,滞后于城镇化发展水平,并从加快制度改革创新、完善财政投入政策、加强农村职业教育和就业创业指导、完善社区管理功能等方面提出了推动天津市农民市民化进程的对策建议。 | |
| 510 | 1 | @aResearch on peasants citizenization in progress of new urbanization@zeng |
| 606 | 0 | @a农民@x城市化@x研究@y中国 |
| 690 | @aD422.64@v5 | |
| 701 | 0 | @a吴宝华@9wu bao hua@f(1959-)@4著 |
| 801 | 0 | @aCN@b北京卓展@c20191020 |
| 905 | @b1208105-8@dD422.64@e12@f4 | |
| 新型城镇化进程中农民市民化研究=Research on peasants citizenization in progress of new urbanization/吴宝华著.-北京:社会科学文献出版社·城市和绿色发展分社,2019 |
| 298页;24cm |
| 天津市教委社科重大项目 |
| ISBN 978-7-5201-4209-0:CNY79.00 |
| 本书以天津为例,总结了天津市城镇化和农民市民化进程中的模式经验,剖析了天津市农民市民化的现状,借助农民市民化评价指标体系,对天津市农民市民化水平进行了评估,发现其市民化程度不高,滞后于城镇化发展水平,并从加快制度改革创新、完善财政投入政策、加强农村职业教育和就业创业指导、完善社区管理功能等方面提出了推动天津市农民市民化进程的对策建议。 |
| ● |
| 相关链接 |
|
|
|
|
正题名:新型城镇化进程中农民市民化研究
索取号:D422.64/12
 
预约/预借
| 序号 | 登录号 | 条形码 | 馆藏地/架位号 | 状态 | 备注 |
| 1 | 1208105 | 212081058 | 第一样本阅览室/ [索取号:D422.64/12] | 在馆 | |
| 2 | 1208106 | 212081067 | 第一借阅区/ [索取号:D422.64/12] | 在馆 | |
| 3 | 1208107 | 212081076 | 第一借阅区/ [索取号:D422.64/12] | 在馆 | |
| 4 | 1208108 | 212081085 | 第一借阅区/ [索取号:D422.64/12] | 在馆 |